Isekai Anime By Pictures 2 - Statistics

General Stats
  • This quiz has been taken 73 times
    72 since last reset
  • The average score is 6 of 16
Answer Stats
Picture Hint Answer % Correct
2010 (🪽Half-Isekai🪽) Angel Beats
80%
2015 (⛩️) Gate
58%
2021 (⏾) Tsukimichi
56%
2019 (🧙‍♂️) Wise Man's Grandchild
45%
2018 (💀🚶) DesuMachi
42%
2017 (📱) IseSuma
38%
2024 (❤️‍🩹) The Wrong Way To Use Healing Magic
36%
2021 (📋✏️) How a Realist Hero Rebuilt The Kingdom
31%
2019 (🪄✨) Isekai Cheat Magician
27%
2020 (😇🧪) By The Grace of The Gods
24%
2021 (🌍🥷) The World's Finest Assassin
22%
2023 (🥤♱) The Great Cleric
20%
2022 (🥂🕹️) Trapped in a Dating Sim
20%
2020 (👠) HameFura
18%
2024 (99) Villainess Level 99
18%
2024 (7⟳) 7th Time Loop
16%
No matching quizzes found
Score Distribution
Percent of People with Each Score
Percentile by Number Answered
Your Score History
You have not taken this quiz since the last reset